| 000 | 00383nam a2200145Ia 4500 | ||
|---|---|---|---|
| 008 | 210210b1977 xxu||||| |||| 00| 0 eng d | ||
| 082 | _a613.7 SHAY | ||
| 100 | _aSHARMA (Lakshminarain). | ||
| 245 | _aYogic cures for common diseases. | ||
| 260 |
_aDelhi _bHind pocket books ltd _c1977 |
||
| 300 | _a103 | ||
| 650 | _aYoga diseases | ||
| 690 | _aPhysical Fitness | ||
| 906 | _aSG01881 | ||
| 999 |
_c113014 _d113014 |
||